Szwecja - Regiony Szwecji (Podział administracyjny Szwecji) - Mapa - Statystyki

Ogólne statystyki
  • Ten quiz został rozwiązany 179 razy
  • Średni wynik to 10 z 21
Odpowiedzi na mapie
Odpowiedzi zakodowano w zielono-czerwonej skali na mapie do tego quizu, zgodnie z poniższymi procentami.
 
Statystyki odpowiedzi
Region Siedziba % Poprawnych
Sztokholm Sztokholm
92%
Gotland Visby
84%
Skania Malmö
81%
Uppsala Uppsala
70%
Västra Götaland Göteborg
57%
Blekinge Karlskrona
51%
Kalmar Kalmar
51%
Örebro Örebro
49%
Jönköping Jönköping
46%
Norrbotten Luleå
46%
Östergötland Linköping
46%
Västerbotten Umeå
35%
Dalarna Falun
32%
Halland Halmstad
32%
Jämtland Östersund
32%
Kronoberg Växjö
32%
Södermanland Nyköping
30%
Värmland Karlstad
30%
Gävleborg Gävle
27%
Västernorrland Härnösand
24%
Västmanland Västerås
22%
Nie znaleziono quizów pasujących do podanych kryteriów
Rozkład punktacji
Procent ludzi z każdym wynikiem
Percentyl według liczby udzielonych odpowiedzi
Twoja historia wyników
Nie rozwiązałeś tego quizu